000 00422nam a2200169 4500
003 SEACOMEC
005 20240220124530.0
008 240220b |||||||| |||| 00| 0 eng d
020 _cRs.300.00
040 _aSEACOMEC
082 _a530
_bV341
100 _aVasudeva,A.S.
245 1 _aModern engineering physics
_cA.S. Vasudeva
260 _aNew Delhi
_bS Chand
_c2006
650 _aNatural sciences Physics
942 _cBOOK
999 _c665
_d665